Deporte, sociabilidad e identidades en Nicaragua (1901-1924)/
Kaydedildi:
| Yazar: | |
|---|---|
| Materyal Türü: | Süreli |
| Dil: | Spanish |
| Etiketler: |
Etiketle
Etiket eklenmemiş, İlk siz ekleyin!
|
MARC
| LEADER | 00000nas a22000007a 4500 | ||
|---|---|---|---|
| 003 | cru CIDCACS/IIS | ||
| 005 | 20180830102134.0 | ||
| 007 | ta | ||
| 008 | 180824t2017 cr ||||| |||| 00| 0 spa d | ||
| 999 | |c 41612 |d 41612 | ||
| 040 | |c cru CIDCACS/IIS | ||
| 100 | 1 | |9 462 |a Urbina Gaitán, Chester | |
| 245 | 1 | |a Deporte, sociabilidad e identidades en Nicaragua (1901-1924)/ |c Chester Urbina Gaitán | |
| 300 | |a páginas 167-184: |b tablas, gráfico | ||
| 773 | 0 | |0 18728 |9 2196 |a Universidad de Costa Rica |d San José, Costa Rica Editorial UCR 1956- |o 19604 |t Revista de Ciencias Sociales/ | |
| 942 | |2 ddc |c PP | ||
